00804nam a22001697a 4500008004100000020001500041050001500056100001900071245006500090260003600155300003000191505029100221650005700512700002600569700002100595700001800616120622t xxu||||| |||| 00| 0 eng d a0071124357 aPE1128.B17 aBaker, Lida R. aInteractions 2: integrated skills. /cLida R. Baker et al... aNew York:bMcGraw Hill,cc2003. axii, 307p.:bill.;c25cm. aContents: Education and student life -- Business and money -- Jobs and professions -- Lifestyles around the world -- Global connections -- Tastes and preferences -- New frontiers -- Medicine, myths, and magic -- The Media -- With liberty and justice for all -- Appendices -- Tapescript. bEnglish language -- Textbooks for foreign speakers.  aChurch, Mary Mitchell aHartmann, Pamela aHyzer, Keesia